| 000 | 01001 a2200241 4500 | ||
|---|---|---|---|
| 005 | 20080916124153.0 | ||
| 008 | 080916t xxu||||| |||| 00| 0 hin d | ||
| 010 | _aHIN-80911 | ||
| 020 |
_c120.00 _a8189791028 |
||
| 035 | _aHN-53257 | ||
| 037 | _bD.B.Act / pub | ||
| 082 | _a821 | ||
| 100 | _aसुरजीत 'दुखी' | ||
| 245 |
_aमेरे अहसास _cसुरजीत 'दुखी' |
||
| 246 |
_aMere Ahsas _bby Surjit 'Dukhi' |
||
| 260 |
_aअमृतसर _bआजाद बुक डिपो _c2006 |
||
| 300 |
_a128पृ _c22 सेमी (सजिल्द) |
||
| 650 | _aहिन्दी कविताएँ | ||
| 650 | _aHindi Pomes | ||
| 270 |
_bअमृतसर _aहाल बाजार _k0183- 2292513 |
||
| 942 |
_adpl _cHN _k821 / सुरजी _2ddc _h821 _mसुरजी |
||
| 999 |
_c7289 _d7289 |
||